Oceňování finančních aktiv podle mezinárodních účetních standardů
Vymedzenie pojmov finančné nástroje a finančné aktíva. Teoretické prístupy k oceňovaniu finančných aktív podľa medzinárodných štandardov účtovného výkazníctva. Aplikácia týchto prístupov pri riešení konkrétnych účtových prípadov.
Saved in:
| Main Author: | |
|---|---|
| Format: | Book Chapter |
| Language: | Czech |
| Subjects: | |
| Tags: |
No Tags, Be the first to tag this record!
|
MARC
| LEADER | 00000naa$a2200000$$$4500 | ||
|---|---|---|---|
| 001 | 0051438 | ||
| 005 | 20231102123941.9 | ||
| 041 | 0 | |a cze | |
| 044 | |a SK | ||
| 245 | 1 | 0 | |a Oceňování finančních aktiv podle mezinárodních účetních standardů |c Jaroslav Sedláček |
| 520 | |a Vymedzenie pojmov finančné nástroje a finančné aktíva. Teoretické prístupy k oceňovaniu finančných aktív podľa medzinárodných štandardov účtovného výkazníctva. Aplikácia týchto prístupov pri riešení konkrétnych účtových prípadov. | ||
| 610 | 2 | 0 | |a štandardy audítorské medzinárodné |
| 610 | 2 | 0 | |a štandardy účtovné medzinárodné |
| 610 | 2 | 0 | |a oceňovanie |
| 610 | 2 | 0 | |a aktíva |
| 610 | 2 | 0 | |a prípady účtovné |
| 610 | 2 | 0 | |a nástroje finančné |
| 100 | 1 | |a Sedláček, Jaroslav | |